San Luis Obispo County Destinations (San Luis Obispo, CA, USA) - Statistics

General Stats
  • This quiz has been taken 45 times
    16 since last reset
  • The average score is 8 of 8
Answer Stats
Airline Destination % Correct
Alaska Airlines Portland (OR)
100%
Alaska Airlines San Diego
100%
United Express San Francisco
100%
Alaska Airlines Seattle/Tacoma
100%
United Airlines/United Express Denver
93%
United Express Los Angeles
93%
American Airlines/American Eagle Phoenix (Sky Harbor)
93%
American Airlines Dallas/Fort Worth
86%
No matching quizzes found
Score Distribution
Percent of People with Each Score
Percentile by Number Answered
Your Score History
You have not taken this quiz since the last reset